Ange Postecoglou's First Forest Starting 11 - Statistics

General Stats
  • This quiz has been taken 3 times
  • The average score is 6 of 11
Answer Stats
Position Answer % Correct
GK Matz Sels
100%
AM Morgan Gibbs-White
100%
ST Chris Wood
67%
DM Elliot Anderson
67%
LW Callum Hudson-Odoi
33%
RW Dan Ndoye
33%
DM Ibrahim Sangaré
33%
LB Morato
33%
LCB Murillo
33%
RB Neco Williams
33%
RCB Nikola Milenković
33%
No matching quizzes found
Score Distribution
Percent of People with Each Score
Percentile by Number Answered
Your Score History
You have not taken this quiz